000
00278nam a22001097a 4500
008
230629b xxu||||| |||| 00| 0 eng d
082
_2
11
_a
346.08
_b
VAR 1986
245
_a
Banking Law and Practice
260
_a
India
_b
Sultan Chand & Sons
_c
1986
300
_a
479p
942
_2
ddc
_c
BK
999
_c
3113
_d
3113